<?xml version="1.0" encoding="UTF-8"?>
<record
    xmlns:xsi="http://www.w3.org/2001/XMLSchema-instance"
    xsi:schemaLocation="http://www.loc.gov/MARC21/slim http://www.loc.gov/standards/marcxml/schema/MARC21slim.xsd"
    xmlns="http://www.loc.gov/MARC21/slim">

  <leader>02360ccm a2200433Ia 4500</leader>
  <controlfield tag="001">4168687</controlfield>
  <controlfield tag="005">20200421093819.0</controlfield>
  <controlfield tag="006">jfmn              </controlfield>
  <controlfield tag="007">sd fungnn|||eu</controlfield>
  <controlfield tag="008">031201s2003    enkfmz   bdfi  n    por d</controlfield>
  <datafield tag="020" ind1=" " ind2=" ">
    <subfield code="a">0711982295</subfield>
  </datafield>
  <datafield tag="020" ind1=" " ind2=" ">
    <subfield code="a">9780711982291</subfield>
  </datafield>
  <datafield tag="028" ind1="3" ind2="0">
    <subfield code="a">AM964150</subfield>
    <subfield code="b">Wise Publications</subfield>
  </datafield>
  <datafield tag="028" ind1="0" ind2="0">
    <subfield code="a">OM29997</subfield>
    <subfield code="b">Wise Publications</subfield>
  </datafield>
  <datafield tag="035" ind1=" " ind2=" ">
    <subfield code="a">(OCoLC)ocm53859948</subfield>
  </datafield>
  <datafield tag="035" ind1=" " ind2=" ">
    <subfield code="a">(OCoLC)53859948</subfield>
  </datafield>
  <datafield tag="040" ind1=" " ind2=" ">
    <subfield code="a">EQO</subfield>
    <subfield code="c">EQO</subfield>
    <subfield code="d">INT</subfield>
    <subfield code="d">OCLCQ</subfield>
    <subfield code="d">CPL</subfield>
    <subfield code="d">OCL</subfield>
    <subfield code="d">BAKER</subfield>
  </datafield>
  <datafield tag="041" ind1="1" ind2=" ">
    <subfield code="e">por</subfield>
    <subfield code="e">eng</subfield>
    <subfield code="h">por</subfield>
    <subfield code="g">eng</subfield>
  </datafield>
  <datafield tag="043" ind1=" " ind2=" ">
    <subfield code="a">e-po---</subfield>
  </datafield>
  <datafield tag="048" ind1=" " ind2=" ">
    <subfield code="a">vn01</subfield>
    <subfield code="a">ka01</subfield>
  </datafield>
  <datafield tag="049" ind1=" " ind2=" ">
    <subfield code="a">NLES</subfield>
  </datafield>
  <datafield tag="050" ind1=" " ind2="4">
    <subfield code="a">M1781</subfield>
    <subfield code="b">.F32 2003</subfield>
  </datafield>
  <datafield tag="082" ind1="1" ind2="4">
    <subfield code="a">782.42162/</subfield>
  </datafield>
  <datafield tag="245" ind1="0" ind2="0">
    <subfield code="a">Fado Portugu&#xE3;es :</subfield>
    <subfield code="b">songs from the soul of Portugal : a collection of popular Portuguese fados /</subfield>
    <subfield code="c">compiled and edited by Donald Cohen ; translations by Donald Cohen and David Martins ; music arranged for voice and guitar [by Donald Cohen].</subfield>
  </datafield>
  <datafield tag="260" ind1=" " ind2=" ">
    <subfield code="a">London ;</subfield>
    <subfield code="a">New York :</subfield>
    <subfield code="b">Wise Publications ;</subfield>
    <subfield code="a">New York, NY :</subfield>
    <subfield code="b">Exclusive distributors, Music Sales Corp.,</subfield>
    <subfield code="c">c2003.</subfield>
  </datafield>
  <datafield tag="300" ind1=" " ind2=" ">
    <subfield code="a">143 p. of music :</subfield>
    <subfield code="b">ill. ;</subfield>
    <subfield code="c">31 cm. +</subfield>
    <subfield code="e">1 sound disc (digital ; 4 3/4 in.)</subfield>
  </datafield>
  <datafield tag="500" ind1=" " ind2=" ">
    <subfield code="a">Unacc. melodies with chord symbols and guitar chord diagrams.</subfield>
  </datafield>
  <datafield tag="500" ind1=" " ind2=" ">
    <subfield code="a">Words also printed as text with English translations following each song.</subfield>
  </datafield>
  <datafield tag="500" ind1=" " ind2=" ">
    <subfield code="a">Includes commentary for each song and biographical notes on the performers.</subfield>
  </datafield>
  <datafield tag="500" ind1=" " ind2=" ">
    <subfield code="a">CD contains recordings of each song, performed by the original artists.</subfield>
  </datafield>
  <datafield tag="500" ind1=" " ind2=" ">
    <subfield code="a">Publisher's no.: AM964150 (score); OM29997 (CD).</subfield>
  </datafield>
  <datafield tag="504" ind1=" " ind2=" ">
    <subfield code="a">Includes bibliographical references (p. 142).</subfield>
  </datafield>
  <datafield tag="505" ind1="0" ind2="0">
    <subfield code="t">Lisboa antica --</subfield>
    <subfield code="t">Coimbra --</subfield>
    <subfield code="t">Ai, Mouraria --</subfield>
    <subfield code="t">Por morrer uma andorinha --</subfield>
    <subfield code="t">O embu&#xF0;cado --</subfield>
    <subfield code="t">A Rosinha dos Lim&#xE4;oes --</subfield>
    <subfield code="t">Vinte anos --</subfield>
    <subfield code="t">E foi-se a mocidade --</subfield>
    <subfield code="t">Meu Bairro Alto --</subfield>
    <subfield code="t">Valeu a pena --</subfield>
    <subfield code="t">Rosa Enjeitada --</subfield>
    <subfield code="t">Fado Hil&#xE2;ario --</subfield>
    <subfield code="t">Da janela do meu quarto --</subfield>
    <subfield code="t">A moda das tran&#xF0;cas pretas --</subfield>
    <subfield code="t">J&#xE2;ulia Florista --</subfield>
    <subfield code="t">O pagem --</subfield>
    <subfield code="t">Bons tempos --</subfield>
    <subfield code="t">Fado da defesa --</subfield>
    <subfield code="t">Lisboa n&#xE4;ao sejas francesa --</subfield>
    <subfield code="t">H&#xE2;a muito quem cante o fado --</subfield>
    <subfield code="t">Lisboa &#xE2;e sempre Lisboa --</subfield>
    <subfield code="t">Fado trinta e um --</subfield>
    <subfield code="t">Tamanquinhas --</subfield>
    <subfield code="t">Ah, quanta melancolia --</subfield>
    <subfield code="t">Maria Madalena --</subfield>
    <subfield code="t">Minha m&#xE4;ae foi cigarreira.</subfield>
  </datafield>
  <datafield tag="650" ind1=" " ind2="0">
    <subfield code="a">Fados.</subfield>
    <subfield code="9">1654</subfield>
  </datafield>
  <datafield tag="650" ind1=" " ind2="0">
    <subfield code="a">Songs with guitar.</subfield>
    <subfield code="9">1655</subfield>
  </datafield>
  <datafield tag="700" ind1="1" ind2=" ">
    <subfield code="a">Cohen, Donald.</subfield>
    <subfield code="4">arr</subfield>
    <subfield code="4">edt</subfield>
    <subfield code="4">trl</subfield>
    <subfield code="9">1656</subfield>
  </datafield>
  <datafield tag="700" ind1="1" ind2=" ">
    <subfield code="a">Martins, David.</subfield>
    <subfield code="4">trl</subfield>
    <subfield code="9">1657</subfield>
  </datafield>
  <datafield tag="942" ind1=" " ind2=" ">
    <subfield code="2">ddc</subfield>
    <subfield code="c">BK</subfield>
  </datafield>
  <datafield tag="999" ind1=" " ind2=" ">
    <subfield code="c">117</subfield>
    <subfield code="d">117</subfield>
  </datafield>
  <datafield tag="952" ind1=" " ind2=" ">
    <subfield code="0">0</subfield>
    <subfield code="1">0</subfield>
    <subfield code="4">0</subfield>
    <subfield code="7">0</subfield>
    <subfield code="8">REF</subfield>
    <subfield code="a">FPL</subfield>
    <subfield code="b">FPL</subfield>
    <subfield code="c">GEN</subfield>
    <subfield code="d">2014-09-04</subfield>
    <subfield code="p">39999000004731</subfield>
    <subfield code="r">2014-09-04 00:00:00</subfield>
    <subfield code="w">2014-09-04</subfield>
    <subfield code="y">BK</subfield>
  </datafield>
</record>
